| 000 | 00709nam a2200253 i 4500 | ||
|---|---|---|---|
| 001 | 57863 | ||
| 003 | ES-MaACL | ||
| 005 | 20230906163651.0 | ||
| 007 | t| | ||
| 008 | 031020s1975 sp ||||1| spa d | ||
| 020 | _a84-211-7418-5 | ||
| 080 | _a75(04) | ||
| 100 | 1 |
_aDubuffet, Jean. _945794 |
|
| 245 | 1 | 0 |
_aEscritos sobre arte / _cJean Dubuffet ; [traducción de Melitón Bustamante]. |
| 250 | _a1ª ed. | ||
| 260 |
_aBarcelona : _bBarral, _c1975. |
||
| 300 |
_a368 p. ; _c19 cm. |
||
| 490 | 1 | _aEdiciones de bolsillo | |
| 650 | 4 |
_aArt brut. _9143970 |
|
| 700 | 1 |
_aBustamante Ortiz, Melitón. _932877 |
|
| 830 | 1 |
_aEdiciones de bolsillo _9180756 |
|
| 852 |
_aES-MaACL _jE-8391 |
||
| 999 |
_c57863 _d57863 |
||